000 00725nmc a2200277 a 4500
003 AR-BaBNM
005 20251128210808.0
008 186020s2003 ||||||||||||||000 | spa||
020 _a84-8063-622-X
040 _cAR-BaBNM
100 1 _aBrown, Fortunato
245 1 0 _aTextos informativos breves y claros
_bmanual de redacción de documentos
250 _a1ª ed.
260 _aBarcelona
_bOctaedro
_c2003
300 0 _a143 p.
490 0 _aNuevos instrumentos
_vv. 19
650 4 _aGRAMATICA
650 4 _aSINTAXIS
650 4 _aREDACTORES
650 4 _aESTILO LITERARIO
650 4 _aREDACCION
653 0 _aPRECEPTIVA LITERARIA
653 0 _aANALISIS DEL DISCURSO
942 _cBK
998 _cme-solo cat
999 _c16943
_d16943